Регионална библиотека "Любен Каравелов" - Русе

Резбарско изкуство (Запис номер 115263)

MARC детайли
000 -Лидер
Контролно поле с фиксирана дължина 01397nam a2200313 c 4500
003 - Код на организацията, давaща контролен номер
Контролно поле BLK
005 - Дата и час на последна редакция
Контролно поле 20180420231041.0
008 - Елементи от данни с фиксирана дължина
fixed length control field 180409b bul|||||r ||||||| ||bul||
010 ## - Наследен системен номер
LC control number KNG00120740000
040 ## - Източник на каталожния запис
Идентификатор на билиотеката - собственик на записа BLK
041 ## - Код за език
Код за езика на текст/звукозапис или на отделно заглавие Български
Код за езика КДБФ Български
080 ## - УДК
Текстов определител УДК Художествена обработка на дърво - Обгаряне (пирография), мозайка (интарзия), стругуване, резбарство, лакиране (Палех, Холуй, Жостово, Мстера, Федоскин
УДК код - определител по УДК 745.51
УДК определител
УДК - код + определител 745.51
100 1# - Редна дума - Автор
Автор Друмев, Димитър
Авторска отговорност първи автор
R(LIN) 313943
139 ## - Редно поле
Редна дума Друмев, Димитър
Авторски знак Друм - Д 91
245 10 - Сведения за заглавието
Заглавие Резбарско изкуство
Редно поле (дума) Димитър Друмев.
257 ## - Страна на издаване
Страна на създаване/издаване България
260 ## - Област на издателските данни
-- София
Име на издателя, разпространителя и проч. БАН
Година на издаване 1989
300 ## - Физическа характеристика
Страници 512 с.
Илюстрации и др. с ил.
Размери/Мащаб 29 см
380 ## - Жанр
Жанр Изкуство
490 1# - СЕРИИ (Колекции)
Име на серия Българско художествено наследство
500 ## - Общи забележки
Забележка Авт. не е отбелязан на кор. - 2 500 тир. - Рез. на рус., фр. Подв. : 12,94 лв
650 #4 - Допълнително описание по предмет – тема
Основно описание – тема или топоним Дърворезба
9 (RLIN) 153986
653 ## - Ключова дума – ненормативна
Ключова дума дърворезба
852 ## - Местоположение
Форматна сигнатура Цб ІІ 7424
856 4# - Електронен адрес и достъп
Електронен формат pdf - файл
Път до файла /url/
856 4# - Електронен адрес и достъп
Електронен формат pdf - файл
Път до файла /url/
942 ## - АРТИКУЛИ
Вид на библиотечния материал Книги
Скрит в OPAC Не
944 ## - СЪЗДАВАНЕ И РЕДАКЦИЯ на ЗАПИСА
Създаване/Редакция Създаване
Дата на регистрацията/редакция 12.01.2011
Статус, дата на статуса добави в АБ / 11.01.2011
Служител, извършил регистрацията/редакцията Наталия_Любомирова
944 ## - СЪЗДАВАНЕ И РЕДАКЦИЯ на ЗАПИСА
Създаване/Редакция Редакция
Дата на регистрацията/редакция 17.08.2015
Статус, дата на статуса добави в АБ / 11.01.2011
Служител, извършил регистрацията/редакцията
999 ## - СИСТЕМНИ КОНТРОЛНИ НОМЕРА
Koha biblionumber 115263
Koha biblioitemnumber 115263
Наличности
Код за отписване Код за изгубен артикул Източник на класификационната схема Код за повреда Коз за рестрикции Код за отдаване Артикулен № Име на библиотеката - собственик Име на библиотеката, в която се намира в момента Статус (Текущо местоположение) Дата на вписване в системата Местоположение - отдел Цена в лева Инвентарен номер Систематично азбучна сигнатура Баркод Номер на екземпляра Цена в евро Служебна бележка Служебен тип на артикула
  Не е изгубен Universal Decimal Classification Не е повреден без рестрикции заемане за дома 185097 Регионална библиотека "Любен Каравелов" Русе Регионална библиотека "Любен Каравелов" Русе Основен фонд - ползва се само за читалня 1989-01-01 Отдел Изкуство - подръчен фонд 12.94 531053 745.51/Д 91 120000531053 1 6.62 N: стар фонд Дата: 01.01.1989 Дата инв: 07.06.2012 Бележки инв: * Книги
  Не е изгубен Universal Decimal Classification Не е повреден без рестрикции ползва се в читалня 185098 Регионална библиотека "Любен Каравелов" Русе Регионална библиотека "Любен Каравелов" Русе Хранилище 1989-01-01 Хранилище 12.94 528781 Цб ІІ 7424 120000528781 2 6.62 Дост: Dp Вид: Д N: стар фонд Дата: 01.01.1989 Книги
Vip Innovations Ltd, Rousse, Bulgaria 2025